00495nam a2200145Ia 4500008004100000100002400041245005200065245009400117260005900211260000900270300001100279650001800290650001500308856002600323170221s9999 xx 000 0 und d aNormaliza Abd Rahim 4aThe Influence of Online Anime towards Children  cNormaliza Abd Rahim, Roslina Mamat, Hazlina Ab Halim, Arbaie Sujud, Siti Nur Aliaa Roslan bOnline Journal of Communication and Media Technologies c2013 a33 : 9 xCommunication xMedia Arts uhttp://www.ojcmt.net/